<?xml version="1.0" encoding="UTF-8"?>
<record
    xmlns:xsi="http://www.w3.org/2001/XMLSchema-instance"
    xsi:schemaLocation="http://www.loc.gov/MARC21/slim http://www.loc.gov/standards/marcxml/schema/MARC21slim.xsd"
    xmlns="http://www.loc.gov/MARC21/slim">

  <leader>00821nam a22001937a 4500</leader>
  <datafield tag="999" ind1=" " ind2=" ">
    <subfield code="c">175696</subfield>
    <subfield code="d">175696</subfield>
  </datafield>
  <controlfield tag="005">20200916111333.0</controlfield>
  <datafield tag="010" ind1=" " ind2=" ">
    <subfield code="a">UR-10861</subfield>
  </datafield>
  <datafield tag="020" ind1=" " ind2=" ">
    <subfield code="c">300.00</subfield>
    <subfield code="a">9789389733877</subfield>
  </datafield>
  <datafield tag="035" ind1=" " ind2=" ">
    <subfield code="a">U-9416</subfield>
  </datafield>
  <datafield tag="037" ind1=" " ind2=" ">
    <subfield code="b">DBAD/PUB</subfield>
  </datafield>
  <datafield tag="082" ind1=" " ind2=" ">
    <subfield code="a">440.54</subfield>
  </datafield>
  <datafield tag="100" ind1=" " ind2=" ">
    <subfield code="a">&#x642;&#x627; &#x636;&#x6CC; &#x62D;&#x628;&#x64A;&#x628; &#x627; &#x62D;&#x645;&#x62F; &#x627; &#x648; &#x631; &#x627; &#x645;&#x627; &#x646; &#x627;&#x644;&#x644;&#x6C1; &#x627; &#x64A;&#x645; &#x628;&#x6CC; </subfield>
  </datafield>
  <datafield tag="245" ind1=" " ind2=" ">
    <subfield code="a">&#x627; &#x631; &#x62F; &#x648; &#x632; &#x628;&#x627; &#x646; &#x67E;&#x631; &#x639;&#x644;&#x627; &#x642;&#x627; &#x626; &#x627; &#x62B;&#x631; &#x627; &#x62A; </subfield>
    <subfield code="c">&#x642;&#x627; &#x636;&#x6CC; &#x62D;&#x628;&#x64A;&#x628; &#x627; &#x62D;&#x645;&#x62F; &#x627; &#x648; &#x631; &#x627; &#x645;&#x627; &#x646; &#x627;&#x644;&#x644;&#x6C1; &#x627; &#x64A;&#x645; &#x628;&#x6CC; </subfield>
  </datafield>
  <datafield tag="246" ind1=" " ind2=" ">
    <subfield code="b">Urdu Zuban Par Ilaqayi Asrath  (Urdu)</subfield>
    <subfield code="a">by Qazi Habeeb Ahmed and Dr. Amanullah M.B. </subfield>
  </datafield>
  <datafield tag="260" ind1=" " ind2=" ">
    <subfield code="a">N.Delhi </subfield>
    <subfield code="b">Educational Publishing House</subfield>
    <subfield code="c">2020 &#x621;</subfield>
  </datafield>
  <datafield tag="270" ind1=" " ind2=" ">
    <subfield code="a">H.O.D1/16,Ansari Road,Darya ganj,</subfield>
    <subfield code="b">N.Delhi</subfield>
    <subfield code="e">110002</subfield>
    <subfield code="k">45678285,23216162</subfield>
    <subfield code="l">0091-11-23211540</subfield>
  </datafield>
  <datafield tag="300" ind1=" " ind2=" ">
    <subfield code="a">234 &#x635; </subfield>
    <subfield code="c">22 Cm(Hb)</subfield>
  </datafield>
  <datafield tag="942" ind1=" " ind2=" ">
    <subfield code="2">ddc</subfield>
    <subfield code="c">UR</subfield>
    <subfield code="h">440.54</subfield>
    <subfield code="m">&#x642; &#x627; &#x636;</subfield>
  </datafield>
  <datafield tag="952" ind1=" " ind2=" ">
    <subfield code="0">0</subfield>
    <subfield code="1">0</subfield>
    <subfield code="4">0</subfield>
    <subfield code="7">0</subfield>
    <subfield code="8">NFIC</subfield>
    <subfield code="a">DBAD</subfield>
    <subfield code="b">DBAD</subfield>
    <subfield code="d">2020-09-16</subfield>
    <subfield code="e">DBAD/PUB</subfield>
    <subfield code="g">300.00</subfield>
    <subfield code="l">1</subfield>
    <subfield code="o">440.54 &#x642; &#x627; &#x636;</subfield>
    <subfield code="p">U-9416</subfield>
    <subfield code="r">2021-07-14 00:00:00</subfield>
    <subfield code="s">2021-06-30</subfield>
    <subfield code="t">1</subfield>
    <subfield code="v">300.00</subfield>
    <subfield code="w">2020-09-16</subfield>
    <subfield code="y">UR</subfield>
  </datafield>
</record>
